| 000 | 01041cam a2200301 i 4500 | ||
|---|---|---|---|
| 001 | 17622095 | ||
| 003 | OSt | ||
| 005 | 20150408114149.0 | ||
| 008 | 130211s2014 maua b 001 0 eng | ||
| 010 | _a 2012047341 | ||
| 020 | _a9780133370430 (pbk. : alk. paper) | ||
| 020 | _a0133370437 (pbk. : alk. paper) | ||
| 020 | _a9780273793366 | ||
| 040 |
_aDLC _beng _cDLC _erda _dDLC |
||
| 042 | _apcc | ||
| 050 | 0 | 0 |
_aTK5105.59 _b.S725 2014 |
| 082 | 0 | 0 |
_a005.8 _223 _bSWN |
| 100 | 1 |
_aStallings, William. _910434 |
|
| 245 | 1 | 0 |
_aNetwork security essentials : _bapplications and standards / _cWilliam Stallings. |
| 250 | _aFifth edition. | ||
| 300 |
_axvii, 427 pages : _billustrations ; _c23 cm |
||
| 504 | _aIncludes bibliographical references (pages 405-415) and index. | ||
| 650 | 0 |
_aComputer networks _xSecurity measures. |
|
| 650 | 0 | _aComputer security. | |
| 906 |
_a7 _bcbc _corignew _d1 _eecip _f20 _gy-gencatlg |
||
| 942 |
_2ddc _cBOOK |
||
| 999 |
_c31898 _d266398 |
||